000
00332nam a2200145Ia 4500
005
20251222140040.0
008
251222s1900||||xx |||||||||||||| ||spa||
020
_a
8432056790
082
_a
282.46/M43
100
_a
Mérida, María
245
0
_a
Entrevista con la Iglesia:
250
_a
1ra.ed.
264
_b
Planeta
942
_c
LIB
999
_c
3264
_d
3264